[Event "CZE-ch"]
[Site "Usti nad Labem"]
[Date "2022.05.19"]
[Round "6"]
[White "Paulus, Vaclav"]
[Black "Sura, Jaroslav"]
[Result "1/2-1/2"]
[WhiteElo "2093"]
[BlackElo "2010"]
[PlyCount "99"]
[EventDate "2022.05.14"]
[EventType "swiss"]
[EventRounds "9"]
[EventCountry "CZE"]
[SourceTitle "CBM 208 Extra"]
[Source "ChessBase"]
[SourceDate "2022.07.31"]
[SourceVersion "1"]
[SourceVersionDate "2022.07.31"]
[SourceQuality "1"]

1. e4 e5 2. Nf3 Nc6 3. Bb5 a6 4. Ba4 Nf6 5. 0-0 Be7 6. Re1 b5 7. Bb3 0-0 8. a4 b4 9. d4 d6 10. dxe5 Nxe5 11. Nbd2 Bg4 12. h3 Bh5 13. g4 Bg6 14. Nxe5 dxe5 15. Qf3 Nd7 16. Nf1 Nc5 17. Bd5 Rb8 18. Be3 Ne6 19. Rad1 Qc8 20. Ng3 Bg5 21. Ba7 Nd4 22. Rxd4 exd4 23. Bxd4 c5 24. Be5 Rb6 25. Qg2 Bf6 26. Bxf6 Rxf6 27. Ne2 Rd6 28. c4 bxc3 29. bxc3 Kh8 30. f4 f6 31. c4 Rb6 32. Kh1 Bf7 33. Rg1 Qb8 34. g5 fxg5 35. f5 Bxd5 36. cxd5 Rb3 37. h4 h6 38. hxg5 hxg5 39. Qxg5 Rh3+ 40. Kg2 Rh2+ 41. Kf1 Qb1+ 42. Nc1 Qb2 43. Qe3 Qc2 44. Nd3 Rb8 45. Rxg7 Rb1+ 46. Ne1 Rh1+ 47. Rg1 Rh2 48. Rg6 Rh1+ 49. Rg1 Rh2 50. Rg6 1/2-1/2

[Event "CZE-ch"]
[Site "Usti nad Labem"]
[Date "2022.05.18"]
[Round "5"]
[White "Sura, Jaroslav"]
[Black "Pokrupa, Marek"]
[Result "0-1"]
[WhiteElo "2010"]
[BlackElo "2117"]
[PlyCount "100"]
[EventDate "2022.05.14"]
[EventType "swiss"]
[EventRounds "9"]
[EventCountry "CZE"]
[SourceTitle "CBM 208 Extra"]
[Source "ChessBase"]
[SourceDate "2022.07.31"]
[SourceVersion "1"]
[SourceVersionDate "2022.07.31"]
[SourceQuality "1"]

1. e4 e6 2. d3 c5 3. g3 Nc6 4. Bg2 d5 5. Nd2 Nf6 6. Ngf3 Be7 7. 0-0 0-0 8. Re1 b5 9. e5 Nd7 10. Nf1 Bb7 11. h4 Qc7 12. Bf4 d4 13. N1h2 Nb6 14. Ng5 Nb4 15. Nxh7 Kxh7 16. Qh5+ Kg8 17. Ng4 N6d5 18. Be4 g6 19. Qh6 Nxf4 20. gxf4 f5 21. Qxg6+ Kh8 22. Qh6+ Kg8 23. Qg6+ Kh8 24. Qh6+ Kg8 25. Qxe6+ Kh8 26. Qh6+ Kg8 27. Qe6+ Kh8 28. Qh6+ Kg8 29. Qg6+ Kh8 30. Bxf5 Rxf5 31. Qxf5 Qc6 32. Re4 Qe8 33. Rae1 Nxc2 34. Nf6 Qf7 35. Qg5 Bxf6 36. Qh6+ Qh7 37. Qxf6+ Qg7+ 38. Qxg7+ Kxg7 39. f5 Nxe1 40. Rxe1 Rh8 41. Kh2 Rxh4+ 42. Kg3 Rh1 43. Re2 Rd1 44. Kf4 Rxd3 45. Kg5 Bf3 46. f6+ Kf8 47. Re1 Rd1 48. Rxd1 Bxd1 49. e6 Bf3 50. f7 Bd5 0-1

[Event "EUR-ch Seniors 50"]
[Site "Prague"]
[Date "2021.09.04"]
[Round "6.4"]
[White "Sura, Jaroslav"]
[Black "Danek, Pavel"]
[Result "1-0"]
[WhiteElo "2004"]
[BlackElo "1870"]
[PlyCount "81"]
[EventDate "2021.08.30"]
[EventType "team-tourn"]
[EventRounds "9"]
[EventCountry "CZE"]
[SourceTitle "CBM 204 Extra"]
[Source "ChessBase"]
[SourceDate "2021.11.30"]
[SourceVersion "1"]
[SourceVersionDate "2021.11.30"]
[SourceQuality "1"]
[WhiteTeam "Litomerice Slavoj 50"]
[BlackTeam "Pardubice Bohemia 50"]
[WhiteTeamCountry "CZE"]
[BlackTeamCountry "CZE"]

1. f4 e6 2. Nf3 d5 3. e3 f5 4. b3 Nf6 5. Bb2 Be7 6. Ne5 0-0 7. Be2 Nbd7 8. 0-0 c6 9. Qe1 Nxe5 10. fxe5 Nd7 11. Qg3 Kh8 12. d3 b6 13. Nd2 Bb7 14. e4 g6 15. exd5 cxd5 16. c4 Nc5 17. d4 Ne4 18. Nxe4 fxe4 19. Bg4 Rxf1+ 20. Rxf1 Qg8 21. Qh3 Rf8 22. Bxe6 Rxf1+ 23. Kxf1 Qf8+ 24. Ke2 Qf4 25. Qg3 Qh6 26. Bxd5 Qh5+ 27. Kd2 Qh6+ 28. Kc2 Bh4 29. Bc1 Qh5 30. Qf4 Bxd5 31. cxd5 Qe2+ 32. Qd2 Qb5 33. d6 Qf1 34. g3 Bg5 35. Qxg5 Qd3+ 36. Kb2 Qxd4+ 37. Kb1 Qd3+ 38. Ka1 Kg8 39. Qd2 Qb5 40. d7 Qxe5+ 41. Bb2 1-0

[Event "EUR-ch Seniors 50"]
[Site "Prague"]
[Date "2021.09.02"]
[Round "4.3"]
[White "Michalek, Jan"]
[Black "Sura, Jaroslav"]
[Result "1-0"]
[WhiteElo "2276"]
[BlackElo "2004"]
[PlyCount "63"]
[EventDate "2021.08.30"]
[EventType "team-tourn"]
[EventRounds "9"]
[EventCountry "CZE"]
[SourceTitle "CBM 204 Extra"]
[Source "ChessBase"]
[SourceDate "2021.11.30"]
[SourceVersion "1"]
[SourceVersionDate "2021.11.30"]
[SourceQuality "1"]
[WhiteTeam "1960 69 50"]
[BlackTeam "Litomerice Slavoj 50"]
[WhiteTeamCountry "CZE"]
[BlackTeamCountry "CZE"]

1. Nf3 Nf6 2. g3 g6 3. Bg2 Bg7 4. 0-0 0-0 5. c4 d6 6. d4 Nc6 7. Nc3 e5 8. d5 Na5 9. Nd2 c5 10. dxc6 Nxc6 11. Nde4 Nxe4 12. Nxe4 Nd4 13. e3 f5 14. Nc3 Nc6 15. Qd5+ Kh8 16. Rd1 Rf6 17. b3 e4 18. Ba3 Be6 19. Qb5 Rf7 20. Rxd6 Qe7 21. Rc1 a6 22. Qc5 Ne5 23. Qb6 Bf8 24. Rcd1 Re8 25. Nb1 Qf6 26. Rd8 Rxd8 27. Qxd8 Nd3 28. Rxd3 exd3 29. Qxf6+ Rxf6 30. Bb2 Bg7 31. Bxf6 Bxf6 32. Bxb7 1-0

[Event "EUR-ch Seniors 50"]
[Site "Prague"]
[Date "2021.09.01"]
[Round "3.4"]
[White "Sura, Jaroslav"]
[Black "Birkholz, Olga"]
[Result "1/2-1/2"]
[WhiteElo "2004"]
[BlackElo "2018"]
[PlyCount "34"]
[EventDate "2021.08.30"]
[EventType "team-tourn"]
[EventRounds "9"]
[EventCountry "CZE"]
[SourceTitle "CBM 204 Extra"]
[Source "ChessBase"]
[SourceDate "2021.11.30"]
[SourceVersion "1"]
[SourceVersionDate "2021.11.30"]
[SourceQuality "1"]
[WhiteTeam "Litomerice Slavoj 50"]
[BlackTeam "Germany (Women) 50"]
[WhiteTeamCountry "CZE"]
[BlackTeamCountry "GER"]

1. e4 a6 2. d4 g6 3. Be3 Bg7 4. Qd2 c5 5. c3 Nf6 6. f3 cxd4 7. cxd4 d6 8. a4 0-0 9. Nc3 Nc6 10. Bc4 Bd7 11. Nge2 Na5 12. Ba2 b5 13. b4 Nc6 14. axb5 Nxb4 15. bxa6 Rxa6 16. Rb1 Nxa2 17. Nxa2 d5 1/2-1/2

[Event "Prague Summer op 7th"]
[Site "Prague"]
[Date "2020.08.09"]
[Round "3"]
[White "Simek, Petr1111"]
[Black "Sura, Jaroslav"]
[Result "1-0"]
[WhiteElo "2324"]
[BlackElo "2027"]
[PlyCount "39"]
[EventDate "2020.08.08"]
[EventType "swiss"]
[EventRounds "9"]
[EventCountry "CZE"]
[SourceTitle "CBM 197 Extra"]
[Source "ChessBase"]
[SourceDate "2020.09.30"]
[SourceVersion "1"]
[SourceVersionDate "2020.09.30"]
[SourceQuality "1"]

1. c4 e5 2. g3 d6 3. Bg2 f5 4. d4 e4 5. Nc3 Nf6 6. Nh3 c6 7. 0-0 d5 8. Qb3 dxc4 9. Qxc4 b5 10. Qb3 Qxd4 11. Be3 Qc4 12. Qxc4 bxc4 13. f3 Nd5 14. Nxd5 cxd5 15. Nf4 Bb7 16. Rad1 d4 17. Bxd4 Nc6 18. Bc3 Bc5+ 19. Kh1 Rd8 20. Ne6 1-0

[Event "CZE-chT2B 1920"]
[Site "Czech Republic"]
[Date "2020.06.28"]
[Round "11.6"]
[White "Staszko, Martin"]
[Black "Sura, Jaroslav"]
[Result "0-1"]
[WhiteElo "2057"]
[BlackElo "2017"]
[PlyCount "74"]
[EventDate "2019.10.13"]
[EventType "team-tourn"]
[EventRounds "11"]
[EventCountry "CZE"]
[SourceTitle "EXT 2024"]
[Source "ChessBase"]
[SourceDate "2023.10.10"]
[SourceVersion "1"]
[SourceVersionDate "2023.10.10"]
[SourceQuality "1"]
[WhiteTeam "Praha Dukla"]
[BlackTeam "Litomerice"]
[WhiteTeamCountry "CZE"]
[BlackTeamCountry "CZE"]

1. d4 c5 2. Nf3 cxd4 3. Nxd4 d5 4. g3 e5 5. Nb3 Nc6 6. Bg2 Be6 7. 0-0 Qd7 8. Nc3 Nf6 9. Bg5 Rd8 10. Bxf6 gxf6 11. e4 d4 12. Nd5 Bxd5 13. exd5 Nb4 14. c4 dxc3 15. bxc3 Nxd5 16. Qf3 f5 17. Bh3 e4 18. Rfe1 Ne7 19. Qh5 Qe6 20. Nd4 Qg6 21. Qe2 Bg7 22. Qb5+ Kf8 23. Rad1 Bxd4 24. Rxd4 Rxd4 25. cxd4 Qf6 26. Rd1 h5 27. Qxb7 h4 28. Bf1 Qh6 29. Qb8+ Kg7 30. Qe5+ Kf8 31. Rb1 Nc6 32. Qxf5 hxg3 33. h3 gxf2+ 34. Kh1 e3 35. Rb7 Qe6 36. Qc5+ Ke8 37. Bg2 Rxh3+ 0-1

[Event "Prague Summer op 4th"]
[Site "Prague"]
[Date "2017.08.10"]
[Round "8"]
[White "Sura, Jaroslav"]
[Black "Aroven, Mikael"]
[Result "1-0"]
[WhiteElo "2018"]
[BlackElo "2175"]
[PlyCount "83"]
[EventDate "2017.08.04"]
[EventType "swiss"]
[EventRounds "9"]
[EventCountry "CZE"]
[SourceTitle "CBM 179 Extra"]
[Source "ChessBase"]
[SourceDate "2017.08.23"]
[SourceVersion "1"]
[SourceVersionDate "2017.08.23"]
[SourceQuality "1"]

1. e4 c5 2. Nc3 e6 3. f4 Nc6 4. Nf3 d6 5. g3 g6 6. Bg2 Bg7 7. d3 Nge7 8. 0-0 b6 9. a4 a6 10. Ne2 e5 11. c3 0-0 12. d4 Bg4 13. d5 Nb8 14. c4 Nd7 15. Ra3 Bxf3 16. Bxf3 Ra7 17. Kh1 Rb7 18. Rb3 Nc8 19. f5 Na7 20. h4 Bf6 21. Bh6 Re8 22. fxg6 hxg6 23. Rf2 Bg7 24. Qc1 Qe7 25. Bg4 Bxh6 26. Qxh6 Nf8 27. Rbf3 b5 28. Rxf7 Qxf7 29. Rxf7 Rxf7 30. h5 Rf6 31. Bf5 Re7 32. Kg2 Ref7 33. hxg6 Nxg6 34. Bxg6 Rg7 35. Bh7+ Kf7 36. Qh5+ Ke7 37. Bf5 bxa4 38. Qh8 Rgf7 39. Qb8 Nb5 40. cxb5 axb5 41. Qxb5 Kf8 42. Nc3 1-0

[Event "Prague Summer op 4th"]
[Site "Prague"]
[Date "2017.08.08"]
[Round "6"]
[White "Bjornsson, Tomas"]
[Black "Sura, Jaroslav"]
[Result "1/2-1/2"]
[WhiteElo "2169"]
[BlackElo "2018"]
[PlyCount "28"]
[EventDate "2017.08.04"]
[EventType "swiss"]
[EventRounds "9"]
[EventCountry "CZE"]
[SourceTitle "CBM 179 Extra"]
[Source "ChessBase"]
[SourceDate "2017.08.23"]
[SourceVersion "1"]
[SourceVersionDate "2017.08.23"]
[SourceQuality "1"]

1. e4 e5 2. Nf3 Nc6 3. Bb5 a6 4. Ba4 Nf6 5. 0-0 Be7 6. Qe2 b5 7. Bb3 0-0 8. c3 d6 9. h3 Na5 10. Bc2 c5 11. d3 Bb7 12. Be3 Re8 13. Nbd2 Nc6 14. d4 cxd4 1/2-1/2

[Event "Prague Summer op 4th"]
[Site "Prague"]
[Date "2017.08.04"]
[Round "1"]
[White "Sura, Jaroslav"]
[Black "Domogaev, Sergey"]
[Result "0-1"]
[WhiteElo "2018"]
[BlackElo "2400"]
[PlyCount "48"]
[EventDate "2017.08.04"]
[EventType "swiss"]
[EventRounds "9"]
[EventCountry "CZE"]
[SourceTitle "CBM 179 Extra"]
[Source "ChessBase"]
[SourceDate "2017.08.23"]
[SourceVersion "1"]
[SourceVersionDate "2017.08.23"]
[SourceQuality "1"]

1. e4 a6 2. d4 c5 3. d5 d6 4. c4 Nf6 5. Nc3 g6 6. Bd3 Bg7 7. Nge2 0-0 8. 0-0 Nbd7 9. f4 b5 10. h3 bxc4 11. Bxc4 Nb6 12. Bb3 a5 13. a4 Ba6 14. Rf3 Rb8 15. g4 Bc4 16. Bc2 e6 17. g5 Nh5 18. f5 exf5 19. exf5 Be5 20. f6 Re8 21. Bf4 Nxd5 22. Nxd5 Bxe2 23. Ne7+ Qxe7 24. fxe7 Bxd1 0-1

[Event "CZE-chT2B 1617"]
[Site "Czech Republic"]
[Date "2016.10.30"]
[Round "2.8"]
[White "Sura, Jaroslav"]
[Black "Kral, David"]
[Result "0-1"]
[WhiteElo "2049"]
[BlackElo "2018"]
[PlyCount "92"]
[EventDate "2016.10.09"]
[EventType "team-tourn"]
[EventRounds "11"]
[EventCountry "CZE"]
[SourceTitle "EXT 2022"]
[Source "ChessBase"]
[SourceDate "2021.10.06"]
[SourceVersion "1"]
[SourceVersionDate "2021.10.06"]
[SourceQuality "1"]
[WhiteTeam "Litomerice"]
[BlackTeam "Teplice"]
[WhiteTeamCountry "CZE"]
[BlackTeamCountry "CZE"]

1. e4 c5 2. Nc3 d6 3. f4 Nc6 4. Nf3 g6 5. Bc4 Bg7 6. 0-0 e6 7. f5 gxf5 8. d3 Ne5 9. Nxe5 Bxe5 10. Qh5 Nf6 11. Qh4 Rg8 12. Bg5 h6 13. Bxh6 Ng4 14. Qxd8+ Kxd8 15. Bf4 Bd4+ 16. Kh1 e5 17. Bg3 f4 18. Bh4+ Ke8 19. Nd5 Rh8 20. Nf6+ Nxf6 21. Bxf6 Rh6 22. Bg5 Rh5 23. Bf6 Be6 24. Bb5+ Kf8 25. c3 Be3 26. Bc4 Re8 27. Bd5 Bxd5 28. exd5 Kg8 29. Rf3 Kh7 30. g4 Rh6 31. g5 Rh5 32. Rd1 Kg6 33. Kg2 b5 34. Rh3 Rxh3 35. Kxh3 Kf5 36. Kh4 c4 37. dxc4 bxc4 38. Kh5 e4 39. Kh6 Rg8 40. h4 Rg6+ 41. Kh7 f3 42. h5 Rxg5 43. Bxg5 Bxg5 44. Rf1 Kf4 45. Kg7 e3 46. h6 Bxh6+ 0-1

[Event "CZE-chT2B 1516"]
[Site "Czech Republic"]
[Date "2016.02.07"]
[Round "7.5"]
[White "Sura, Jaroslav"]
[Black "Novotny, Roman2222"]
[Result "0-1"]
[WhiteElo "2056"]
[BlackElo "2023"]
[PlyCount "78"]
[EventDate "2015.10.18"]
[EventType "team-tourn"]
[EventRounds "11"]
[EventCountry "CZE"]
[SourceTitle "EXT 2022"]
[Source "ChessBase"]
[SourceDate "2021.10.06"]
[SourceVersion "1"]
[SourceVersionDate "2021.10.06"]
[SourceQuality "1"]
[WhiteTeam "Litomerice"]
[BlackTeam "Neratovice II"]
[WhiteTeamCountry "CZE"]
[BlackTeamCountry "CZE"]

1. e4 c5 2. Nf3 d6 3. d4 cxd4 4. Qxd4 Bd7 5. Bc4 Nc6 6. Qd3 Qc7 7. 0-0 Rc8 8. Na3 a6 9. Bd2 Nf6 10. Rae1 g6 11. Bc3 Bg7 12. e5 Bf5 13. Qe2 Ne4 14. e6 Nxc3 15. exf7+ Kf8 16. bxc3 Bxc3 17. Ng5 Nd4 18. Qe3 Bxe1 19. Qxd4 e5 20. Qh4 Bd2 21. Qh6+ Ke7 22. Qg7 Rcf8 23. Nxh7 Bb4 24. Qf6+ Kd7 25. Nxf8+ Rxf8 26. h3 Bxa3 27. Bb3 Qd8 28. Qg7 Bc5 29. Rb1 Be4 30. Kf1 Qh4 31. g3 Qxh3+ 32. Ke2 Qg4+ 33. Kd2 Ke7 34. Bc4 Bxf2 35. Bd3 Qg5+ 36. Kc3 Bd4+ 37. Kb4 Qd2+ 38. Ka3 Qa5+ 39. Kb3 Qc3+ 0-1

[Event "CZE-chT2B 1516"]
[Site "Czech Republic"]
[Date "2015.11.08"]
[Round "2.6"]
[White "Sura, Jaroslav"]
[Black "Hajny, Miloslav"]
[Result "1-0"]
[WhiteElo "2056"]
[BlackElo "2041"]
[PlyCount "73"]
[EventDate "2015.10.18"]
[EventType "team-tourn"]
[EventRounds "11"]
[EventCountry "CZE"]
[SourceTitle "EXT 2022"]
[Source "ChessBase"]
[SourceDate "2021.10.06"]
[SourceVersion "1"]
[SourceVersionDate "2021.10.06"]
[SourceQuality "1"]
[WhiteTeam "Litomerice"]
[BlackTeam "Mlada Boleslav"]
[WhiteTeamCountry "CZE"]
[BlackTeamCountry "CZE"]

1. e4 Nf6 2. Nc3 d6 3. d4 g6 4. Be3 a6 5. a4 Bg7 6. Qd2 Ng4 7. Bg5 h6 8. Bh4 Nc6 9. h3 Nf6 10. f4 0-0 11. Nf3 Re8 12. Be2 Nb4 13. 0-0 c5 14. d5 b6 15. Bc4 Bb7 16. Rae1 a5 17. Nb5 Na6 18. g4 Nc7 19. g5 Nh7 20. f5 h5 21. c3 Ba6 22. Qf4 Bxb5 23. axb5 Qd7 24. Bg3 Rf8 25. Nh4 Be5 26. Qe3 Bxg3 27. Qxg3 Kg7 28. e5 Rae8 29. e6 fxe6 30. fxe6 Qd8 31. Qd3 Rf5 32. Rxf5 gxf5 33. Qxf5 Rf8 34. Qg6+ Kh8 35. Bd3 Nf6 36. Qh6+ Kg8 37. gxf6 1-0

[Event "CZE-chT2B 1415"]
[Site "Czech Republic"]
[Date "2014.12.14"]
[Round "4.5"]
[White "Sura, Jaroslav"]
[Black "Tejnsky, Bretislav"]
[Result "1/2-1/2"]
[WhiteElo "2104"]
[BlackElo "1942"]
[PlyCount "86"]
[EventDate "2014.11.02"]
[EventType "team-tourn"]
[EventRounds "11"]
[EventCountry "CZE"]
[SourceTitle "EXT 2022"]
[Source "ChessBase"]
[SourceDate "2021.10.06"]
[SourceVersion "1"]
[SourceVersionDate "2021.10.06"]
[SourceQuality "1"]
[WhiteTeam "Litomerice"]
[BlackTeam "Liberec Lokomotiva"]
[WhiteTeamCountry "CZE"]
[BlackTeamCountry "CZE"]

1. e4 e5 2. Bc4 d6 3. Nc3 Nf6 4. d3 Bg4 5. f3 Be6 6. Bxe6 fxe6 7. f4 Nbd7 8. Nf3 exf4 9. Bxf4 e5 10. Bg5 c6 11. Qe2 Be7 12. Nd1 0-0 13. 0-0 Nd5 14. Bxe7 Nxe7 15. Ne3 Ng6 16. g3 Nc5 17. Kg2 Ne6 18. Kh1 Qd7 19. Nf5 Ne7 20. Ne3 Rae8 21. Rf2 Nd4 22. Nxd4 exd4 23. Rxf8+ Rxf8 24. Ng2 Ng6 25. Rf1 Rf7 26. Nf4 Ne5 27. c3 dxc3 28. bxc3 g5 29. d4 gxf4 30. dxe5 dxe5 31. gxf4 exf4 32. Qc4 Kf8 33. Qd4 Qxd4 34. cxd4 Ke7 35. Kg2 Kd6 36. Kf3 c5 37. dxc5+ Kxc5 38. Rc1+ Kd4 39. Rd1+ Ke5 40. Rd5+ Ke6 41. Rh5 b6 42. Rh6+ Ke5 43. h4 Kd4 1/2-1/2

[Event "CZE-chT1W 1415"]
[Site "Czech Republic"]
[Date "2014.12.07"]
[Round "4.6"]
[White "Sura, Jaroslav"]
[Black "Braun, Marek"]
[Result "1-0"]
[WhiteElo "2104"]
[BlackElo "2195"]
[PlyCount "91"]
[EventDate "2014.10.19"]
[EventType "team-tourn"]
[EventRounds "11"]
[EventCountry "CZE"]
[SourceTitle "CBM 163 Extra"]
[Source "ChessBase"]
[SourceDate "2014.12.23"]
[SourceVersion "1"]
[SourceVersionDate "2014.12.23"]
[SourceQuality "1"]
[WhiteTeam "Unichess II"]
[BlackTeam "Novoborsky II"]
[WhiteTeamCountry "CZE"]
[BlackTeamCountry "CZE"]

1. e4 d6 2. d4 Nf6 3. Nc3 c6 4. a4 Nbd7 5. Bc4 e5 6. Nge2 Be7 7. f3 h5 8. Be3 a5 9. Qd2 Qc7 10. 0-0-0 0-0 11. g4 hxg4 12. fxg4 exd4 13. Nxd4 Ne5 14. Bb3 Nfxg4 15. Rdg1 Kh7 16. Rg3 Rh8 17. Rhg1 g6 18. Bf4 Bh4 19. R3g2 Qe7 20. h3 Nf6 21. Bxe5 dxe5 22. Nf5 Bxf5 23. exf5 Rad8 24. Qe3 g5 25. Rxg5 Rhg8 26. Ne4 Bxg5 27. Nxg5+ Kg7 28. Ne6+ Kh7 29. Ng5+ Kg7 30. Nxf7+ Kf8 31. Qh6+ Ke8 32. Rxg8+ Nxg8 33. Qg6 Rd4 34. Nxe5+ Kd8 35. Qxg8+ Kc7 36. Qf7 Qxf7 37. Nxf7 Kd7 38. Ne5+ Ke7 39. Ng4 Rf4 40. f6+ Kd6 41. f7 c5 42. Ne3 Rf3 43. Nc4+ Ke7 44. Nxa5 Rxh3 45. Nxb7 Rh1+ 46. Kd2 1-0

[Event "CZE-chT2B 1415"]
[Site "Czech Republic"]
[Date "2014.11.30"]
[Round "3.6"]
[White "Sura, Jaroslav"]
[Black "Lochman, Vaclav"]
[Result "1-0"]
[WhiteElo "2104"]
[BlackElo "2006"]
[PlyCount "119"]
[EventDate "2014.11.02"]
[EventType "team-tourn"]
[EventRounds "11"]
[EventCountry "CZE"]
[SourceTitle "EXT 2022"]
[Source "ChessBase"]
[SourceDate "2021.10.06"]
[SourceVersion "1"]
[SourceVersionDate "2021.10.06"]
[SourceQuality "1"]
[WhiteTeam "Litomerice"]
[BlackTeam "Mlada Boleslav"]
[WhiteTeamCountry "CZE"]
[BlackTeamCountry "CZE"]

1. e4 c6 2. d4 d5 3. Nd2 dxe4 4. Nxe4 Bf5 5. Ng3 Bg6 6. Bc4 Nf6 7. N1e2 Nbd7 8. 0-0 e6 9. f4 Qb6 10. c3 Bd6 11. f5 exf5 12. Nxf5 Bxf5 13. Rxf5 Qc7 14. h3 0-0 15. Qf1 Nb6 16. Bb3 Rae8 17. Rxf6 gxf6 18. Bh6 Qe7 19. Qf5 Qe4 20. Qxf6 Qg6 21. Qxg6+ hxg6 22. Kf2 Re7 23. Bxf8 Kxf8 24. c4 Nd7 25. Nc3 Kg7 26. c5 Bb8 27. a4 a5 28. Rd1 f5 29. Rd2 Nf6 30. Bd1 Bf4 31. Rd3 Bc1 32. b3 Bb2 33. Ne2 Nd5 34. Rd2 Ba3 35. Ng1 Nc3 36. Bf3 Bb4 37. Rd3 Kf6 38. Ne2 Nxe2 39. Bxe2 g5 40. Rd1 Re4 41. Bf3 Re7 42. g3 f4 43. gxf4 gxf4 44. Bg4 Re4 45. Kf3 Re3+ 46. Kxf4 Rxb3 47. Bc8 b6 48. cxb6 Bd6+ 49. Ke4 Rxb6 50. Rf1+ Ke7 51. Rf5 Bb4 52. Re5+ Kd6 53. Bg4 Rb8 54. Re6+ Kc7 55. h4 Rd8 56. Re5 Bc3 57. Re7+ Kd6 58. Rg7 Re8+ 59. Kd3 Bb4 60. Rd7# 1-0

[Event "CZE-chT2B 1415"]
[Site "Czech Republic"]
[Date "2014.11.02"]
[Round "1.6"]
[White "Sura, Jaroslav"]
[Black "Vanek, Tomas"]
[Result "1/2-1/2"]
[WhiteElo "2104"]
[BlackElo "2230"]
[PlyCount "34"]
[EventDate "2014.11.02"]
[EventType "team-tourn"]
[EventRounds "11"]
[EventCountry "CZE"]
[SourceTitle "EXT 2022"]
[Source "ChessBase"]
[SourceDate "2021.10.06"]
[SourceVersion "1"]
[SourceVersionDate "2021.10.06"]
[SourceQuality "1"]
[WhiteTeam "Litomerice"]
[BlackTeam "Teplice"]
[WhiteTeamCountry "CZE"]
[BlackTeamCountry "CZE"]

1. e4 c5 2. Nc3 Nc6 3. Bb5 e5 4. Nf3 d6 5. a4 Nf6 6. d3 Be7 7. h3 0-0 8. 0-0 Na5 9. Bg5 Be6 10. Qe2 h6 11. Bxf6 Bxf6 12. Bc4 Nxc4 13. dxc4 Be7 14. Rad1 Qb6 15. Nd5 Bxd5 16. cxd5 f5 17. exf5 Rxf5 1/2-1/2

[Event "CZE-chT2B 1213"]
[Site "Czech Republic"]
[Date "2013.02.17"]
[Round "9.6"]
[White "Sura, Jaroslav"]
[Black "Kuznetsov, Michail"]
[Result "1-0"]
[WhiteElo "2099"]
[BlackElo "2065"]
[PlyCount "47"]
[EventDate "2012.10.14"]
[EventType "team-tourn"]
[EventRounds "11"]
[EventCountry "CZE"]
[SourceTitle "EXT 2015"]
[Source "ChessBase"]
[SourceDate "2014.11.20"]
[SourceVersion "1"]
[SourceVersionDate "2014.11.20"]
[SourceQuality "1"]
[WhiteTeam "Postovni sporitelna II"]
[BlackTeam "Usti nad Labem"]
[WhiteTeamCountry "CZE"]
[BlackTeamCountry "CZE"]

1. e4 e6 2. d4 d5 3. exd5 exd5 4. Nc3 Nf6 5. Bd3 Nc6 6. Nge2 Nb4 7. Bg5 Be7 8. Bb5+ c6 9. Ba4 a5 10. a3 Na6 11. Nf4 0-0 12. 0-0 h6 13. Bxf6 Bxf6 14. Nh5 b5 15. Nxf6+ Qxf6 16. Bb3 a4 17. Ba2 Nc7 18. Ne2 Ne8 19. b4 Nd6 20. Ng3 Bd7 21. Qd2 Rae8 22. Rae1 Qh4 23. c3 g6 24. Bb1 1-0